| 000 | 00603nam a2200229Ia 4500 | ||
|---|---|---|---|
| 003 | OSt | ||
| 005 | 20220928104857.0 | ||
| 006 | a|||||r|||| 00| 0 | ||
| 007 | ta | ||
| 008 | 220927b |||||||| |||| 00| 0 eng d | ||
| 024 | _a80756 | ||
| 037 | _cTextual | ||
| 040 |
_aSDCL _cSDCL _beng |
||
| 041 |
_2eng _aeng |
||
| 082 | _aY15.5'L89-C, L3 | ||
| 100 |
_aBell Susan Groag Ed. _9412635 |
||
| 245 | 0 | _aWomen from the Greek to the French revolution. | |
| 260 | _c1973 | ||
| 300 |
_a313p _ccm. |
||
| 942 |
_hY15.5'L89-C, L3 _cTEXL _2CC |
||
| 999 |
_c728378 _d728378 |
||